The New Zealand Oxford dictionary /

Bibliographic Details
Corporate Author: New Zealand Dictionary Centre
Other Authors: Kennedy, Graeme D., Deverson, Tony
Format: Book
Language:English
Published: South Melbourne, Vic. ; Auckland : Oxford University Press, [2005]
Subjects:

MARC

Tag First Indicator Second Indicator Subfields
LEADER 00000cam a2200000 a 4500
001 in00002115621
005 20151103050458.0
008 050322s2005 at d 000 0 eng d
010 |a  2005360146 
020 |a 0195584511 (hbk.) 
020 |a 0195584937 (thumb index ed.) 
020 |a 0195553055 (special limited ed.) 
035 |a (OCoLC)ocm60421198 
040 |a NZNB  |c DLC  |d OCLCQ  |d UtOrBLW 
042 |a lccopycat 
043 |a u-nz--- 
049 |a TXAM 
050 0 0 |a PE3602.Z5  |b N487 2005 
082 0 0 |a 423  |2 22 
082 0 4 |a 427.99303  |2 22 
245 0 4 |a The New Zealand Oxford dictionary /  |c edited by Tony Deverson and Graeme Kennedy at the New Zealand Dictionary Centre. 
264 1 |a South Melbourne, Vic. ;  |a Auckland :  |b Oxford University Press,  |c [2005] 
264 4 |c ©2005 
300 |a xix, 1355 pages ;  |c 28 cm. 
336 |a text  |b txt  |2 rdacontent 
337 |a unmediated  |b n  |2 rdamedia 
338 |a volume  |b nc  |2 rdacarrier 
500 |a "The ultimate guide to New Zealand English"--Jacket. 
650 0 |a English language  |z New Zealand  |v Dictionaries. 
650 0 |a English language  |v Dictionaries. 
650 0 |a English language  |x Provincialisms  |z New Zealand  |v Dictionaries. 
700 1 |a Kennedy, Graeme D. 
700 1 |a Deverson, Tony. 
710 2 |a New Zealand Dictionary Centre. 
994 |a C0  |b TXA 
948 |a cataloged  |b h  |c 2007/2/28  |d c  |e jlanham  |f 3:55:47 pm 
999 |a MARS 
999 f f |s d3f3066e-a072-3eac-b321-d1312018ea85  |i eabd9ae1-2837-3e23-91f6-4d78a210d8f0  |t 0 
952 f f |p ric  |a Texas A&M University  |b Rellis Campus  |c Joint Library Facility  |s JLF  |d Remote Storage  |t 0  |e PE3602.Z5 N487 2005  |h Library of Congress classification  |i unmediated -- volume  |m A14835811336 
998 f f |a PE3602.Z5 N487 2005  |t 0  |l Remote Storage